Normal view
MARC view
Entry Nombre personal
001 - NÚMERO DE CONTROL
- campo de control: 1139
003 - IDENTIFICADOR DE NÚMERO DE CONTROL
- campo de control: DLC
005 - FECHA Y HORA DE LA ÚLTIMA TRANSACCIÓN
- campo de control: 20260428182314.0
008 - ELEMENTOS DE DATO DE LONGITUD-FIJA
- campo de control de longitud fija: 831117n| azannaabn |n aaa
010 ## - NÚMERO DE CONTROL DE LA BIBLIOTECA DEL CONGRESO
- Número de control de LC: n 83153121
035 ## - NÚMERO DE CONTROL DEL SISTEMA
- Número de control de sistema: (OCoLC)oca00979534
040 ## - FUENTE DE CATALOGACIÓN
- Centro catalogador/agencia de origen: DLC
- Lengua de catalogación: eng
- Normas de descripción: rda
- Centro/agencia transcriptor: DLC
- Centro/agencia modificador: OCoLC
- Centro/agencia modificador: UPB
- Centro/agencia modificador: MoSW-Mu
- Centro/agencia modificador: ViFGM
046 ## - FECHAS CON CODIFICACIÓN ESPECIAL
- Fecha de nacimiento: 1824
- Fecha de la muerte: 1908
100 1# - ENCABEZAMIENTO-NOMBRE DE PERSONA
- Nombre de persona: Chadwick, Henry,
- Fechas asociadas al nombre: 1824-1908
370 ## - LUGAR ASOCIADO
- Otro lugar asociado: England
- Otro lugar asociado: Brooklyn (New York, N.Y.)
- Fuente del término: naf
372 ## - CAMPO DE ACTIVIDAD
- Campo de actividad: Baseball
- Campo de actividad: Journalism
- Campo de actividad: Music
- Fuente del término: lcsh
377 ## - IDIOMA ASOCIADO
- Código del idioma: eng
670 ## - FUENTE DE DATOS ENCONTRADOS
- Cita de la fuente: His The game of base ball, c1983:
- Información encontrada: t.p. (Henry Chadwick)
670 ## - FUENTE DE DATOS ENCONTRADOS
- Cita de la fuente: LC manual auth. cd.
- Información encontrada: (hdg.: Chadwick, Henry, 1824-1908)
670 ## - FUENTE DE DATOS ENCONTRADOS
- Cita de la fuente: Base ball, according to the national playing rules of 1889, 1889:
- Información encontrada: page 4 (Henry Chadwick, "the Father of Baseball"; resident of Brooklyn)
670 ## - FUENTE DE DATOS ENCONTRADOS
- Cita de la fuente: His Il Trovatore, [1855], ©1855:
- Información encontrada: title page (Henry Chadwick)
670 ## - FUENTE DE DATOS ENCONTRADOS
- Cita de la fuente: McGuiggan, Amy Whorf, Take me out to the ball game, ©2009:
- Información encontrada: page 3 (Henry Chadwick; emigrated with his family from England in 1837 and settled in Brooklyn; "By the mid-1850s Chadwick, who had been a piano and guitar teacher and a composer of light music, had embarked on a career in journalism, following in his father's footsteps")